Statistics for RANDOM QUIZ

Click here to take the quiz!

General Stats

  • This quiz has been taken 22 times
  • The average score is 2 of 6

Answer Stats

QuestionAnswer% Correct
What year was Obama elected as President2008
79%
What do the stripes on US flag represent13 colonies
64%
What is the opposite of ShallowDeep
43%
What country in africa has a flag that is Green and White (ONLY)Nigeria
29%
What is the 3rd color in the rainbowYellow
21%
What day was the attack on the US state CapitalJanuary 6th
0%

Score Distribution

Percentile by Number Answered

Percent of People with Each Score

Your Score History

You have not taken this quiz